Thiết kế mặt hàng vải dệt thoi : Thiết kế dây chuyền công nghệ
Gorde:
| Egile nagusia: | |
|---|---|
| Formatua: | Liburua |
| Hizkuntza: | Undetermined |
| Argitaratua: |
Thành phố Hồ Chí Minh
Đại học Quốc gia
2002
|
| Gaiak: | |
| Etiketak: |
Etiketa erantsi
Etiketarik gabe, Izan zaitez lehena erregistro honi etiketa jartzen!
|
| Thư viện lưu trữ: | Trung tâm Học liệu Trường Đại học Cần Thơ |
|---|
| LEADER | 00632nam a2200205Ia 4500 | ||
|---|---|---|---|
| 001 | CTU_96215 | ||
| 008 | 210402s9999 xx 000 0 und d | ||
| 020 | |c 11000 | ||
| 082 | |a 677 | ||
| 082 | |b T406 | ||
| 100 | |a Nguyễn, Công Toàn | ||
| 245 | 0 | |a Thiết kế mặt hàng vải dệt thoi : | |
| 245 | 0 | |b Thiết kế dây chuyền công nghệ | |
| 245 | 0 | |c Nguyễn Công Toàn | |
| 260 | |a Thành phố Hồ Chí Minh | ||
| 260 | |b Đại học Quốc gia | ||
| 260 | |c 2002 | ||
| 650 | |a Textile industry | ||
| 904 | |i Truc | ||
| 980 | |a Trung tâm Học liệu Trường Đại học Cần Thơ | ||